000
00319nam a2200133Ia 4500
005
20260326100035.0
008
260326s9999||||xx |||||||||||||| ||und||
100
_a
Peissel, Michel
245
0
_a
El Mundo perdido de los Mayas /
_c
Michel Peissel
260
_b
Juventud
300
_a
271 p.
650
_a
ARTE
942
_c
BK
999
_c
6787
_d
6787